| 000 | 01007nam a22003017a 4500 | ||
|---|---|---|---|
| 003 | CHAP | ||
| 005 | 20220329134459.0 | ||
| 008 | 971013s1971 r 00010 d | ||
| 010 | _a21012 | ||
| 011 | _a21984 | ||
| 035 | _a26076 | ||
| 040 | _cCHAP | ||
| 082 |
_a632.7 _bA7 |
||
| 100 | 0 | 0 |
_aArruda, Eneide Carvalho de. _97681 |
| 245 | _aNocoes fundamentais sobre algumas pragas de plantas cultivadas no estado de Pernambuco | ||
| 260 |
_aRecife : _bUniversidade Federal Rural de Pernambuco. Instituto de Ciencias Biológicas, _c1971 |
||
| 300 |
_a124 p. _b: ilus |
||
| 490 |
_aMonografía _v; 8 |
||
| 590 |
_aBATCH-UPD _b10 _c20130110 _lUCH01 _h1745 |
||
| 590 |
_aBATCH-UPD _b10 _c20130410 _lUCH01 _h1124 |
||
| 590 |
_aBATCH-UPD _b10 _c20130914 _lUCH01 _h1117 |
||
| 590 |
_aCONVERSION _b10 _c20130109 _lUCH01 _h1312 |
||
| 650 | 1 | 4 |
_aCultivos _xPlagas. _930305 |
| 830 | 0 |
_aMonografía _v; 8 _977546 |
|
| 901 | _aBK | ||
| 942 | _cLIBRO | ||
| 949 |
_a632.7 A7 _bBC _cLIBRO _d33724000180089 _eLIBRO _h17092 _i26076 _mD _si |
||
| 999 |
_c21012 _d21012 |
||